Highest Selling Xbox One Games - Statistics

General Stats
  • This quiz has been taken 331 times
  • The average score is 3 of 10
Answer Stats
Hint Answer % Correct
3 Grand Theft Auto V
68%
9 Fifa 16
52%
4 Halo 5: Guardians
49%
1 Call of Duty: Black Ops 3
38%
2 Call of Duty: Advanced Warfare
31%
10 Halo: The Master Chief Collection
21%
7 Assassin's Creed:Unity
18%
5 Fallout 4
18%
8 Destiny
17%
6 Star Wars Battlefront
6%
No matching quizzes found
Score Distribution
Percent of People with Each Score
Percentile by Number Answered
Your Score History
You have not taken this quiz